Géminis

Gespeichert in:
Bibliographische Detailangaben
1. Verfasser: Silva, Carmen (VerfasserIn)
Format: Buch
Sprache:Spanisch
Veröffentlicht: Santiago Museo Nacional de Bellas Artes 1997
Schlagworte:
Tags: Tag hinzufügen
Keine Tags, Fügen Sie den ersten Tag hinzu!

MARC

LEADER 00000nam a2200000 a 4500
001 UCK0192
003 CL-VaPUC
008 040915e19970000CL |||||||||||||||||spa|d
082 0 4 |a 750.983  |b SIL  |2 21 
100 0 |a Silva, Carmen  |e author  |9 488081 
245 1 0 |a Géminis 
300 |a 28 p 
942 |c BK 
945 |d 20040915 00:00:00  |a cmena 
260 |a Santiago  |b Museo Nacional de Bellas Artes  |c 1997 
500 |a Exposición Museo Nacional de Bellas Artes, 28 de mayo al 22 de junio de 1997 
650 0 |a Artistas chilenos  |9 344566 
650 0 |a Pintura chilena  |9 266171 
650 0 |a Dibujos  |9 264123 
650 0 |a Exposiciones  |9 265884 
583 |a last modification  |c 20040915 00:00:00  |k Rodrigo Vera 
999 |c 310682  |d 310680 
952 |0 0  |1 0  |4 0  |6 750_983000000000000_SIL_1997  |7 0  |8 R  |9 379572  |a BIBART  |b BIBART  |d 2019-11-21  |i 4060873  |o 750.983 SIL 1997  |p 4060873  |r 2025-03-13  |w 2019-11-21  |y BK_R  |k ART